Statistics for Movies By 1 Actor and 1 Actress - Willem Dafoe Edition

Click here to take the quiz!

General Stats

  • This quiz has been taken 11 times
  • The average score is 14 of 26

Answer Stats

CastMovie% Correct
Tobey Maguire, Kirsten DunstSpider-Man
90%
Jason Momoa, Nicole KidmanAquaman
80%
Robert Pattinson, Valeriaa KaramänThe Lighthouse
80%
Denzel Washington, Jodie FosterInside Man
70%
Juliette Binoche, Ralph FiennesThe English Patient
70%
Anya Taylor-Joy, Alexander SkarsgardThe Northman
70%
Christian Bale, Reese WitherspoonAmerican Psycho
60%
Philip Seymour Hoffman, Rachel McAdamsA Most Wanted Man
60%
Albert Brooks, Ellen DeGeneresFinding Nemo
60%
Gene Hackman, Frances McDormandMississippi Burning
60%
Rowan Atkinson, Emma de CaunesMr. Bean's Holiday
60%
Norman Reedus, Lauren PiechThe Boondock Saints
60%
Ralph Fiennes, Lea SeydouxThe Grand Budapest Hotel
60%
Nicolas Cage, Laura DernWild at Heart
60%
Bradley Cooper, Rooney MaraNightmare Alley
50%
Casey Affleck, Zoe SaldanaOut of the Furnace
50%
Bill Murray, Cate BlanchettThe Life Aquatic with Steve Zissou
50%
Tom Cruise, Lili TaylorBorn on the Fourth of July
40%
Ethan Hawke, Claudia KarvanDaybreakers
40%
George Clooney, Meryl StreepFantastic Mr. Fox
40%
Edward Norton, Gugu Mbatha-RawMotherless Brooklyn
40%
Antonio Banderas, Salma HayekOnce Upon a Time in Mexico
40%
John Malkovich, Catherine McCormackShadow of the Vampire
40%
Gerard Butler, Alison BrieA Family Man
30%
Bryce Dallas Howard, Danny GloverManderlay
30%
John Turturro, Debra FeuerTo Live and Die in LA
30%

Score Distribution

Percentile by Number Answered

Percent of People with Each Score

Your Score History

You have not taken this quiz